000 03576cam a22002054a 4500
005 20250605163947.0
008 250528s ||||||||||||||||||||||||d
035 _a15255
020 _a9603514349
040 _aGR-AtMCL
_bgre
_dGR-AtMCL
_eAACR2
245 1 _aΟργανωτική Συμπεριφορά
260 _bΣταμούλης Α,
_c2002
300 _a496
505 0 _aΕισαγωγή στην Οργανωτική Συμπεριφορά, Σύγχρονες Προκλήσεις στους Οργανισμούς, Οι Ηθικοί Κανόνες των Επιχειρήσεων, Αντίληψη και Απόδοση Αιτιών Συμπεριφοράς και Μάθηση (Perception, Attributin, Learning), Αξίες και Στάσεις και Προσωπικότητα, Παρακίνηση (Motivation), Αγχος (Stress), Αξιολόγηση της Απόδοσης ή Επίδοσης του Προσωπικού, Εκπαίδευση και Σχεδιασμός Εκπαιδευτικού Προγράμματος, Σχηματισμός Ομάδων και Ομαδική Εργασία, Επίλυση Προβλημάτων, Ηγεσία (Leadership), Επικοινωνία, Εφαρμογές της Επικοινωνίας, Ισχύς και Εξουσία και Πολιτική, Αντιθέσεις και Συγκρούσεις, Το Κλίμα του Οργανισμού, Οργανωτική Κουλτούρα (Organizational Culture), Μάνατζμεντ Αλλαγών και Οργανωτική Ανάπτυξη, Οργανισμοί Μάθησης (Organizational Learning), Παγκόσμια Οικονομία και Διεθνές Μάνατζμεντ, Αναδιοργάνωση Επιχειρήσεων (Business Process Re-engineering BPR), Πειθαρχικές Ποινές, Θεωρία του Χάους, Επιλεγμένη Βιβλιογραφία.
520 _aΕισαγωγή στην Οργανωτική Συμπεριφορά, Σύγχρονες Προκλήσεις στους Οργανισμούς, Οι Ηθικοί Κανόνες των Επιχειρήσεων, Αντίληψη και Απόδοση Αιτιών Συμπεριφοράς και Μάθηση (Perception, Attributin, Learning), Αξίες και Στάσεις και Προσωπικότητα, Παρακίνηση (Motivation), Αγχος (Stress), Αξιολόγηση της Απόδοσης ή Επίδοσης του Προσωπικού, Εκπαίδευση και Σχεδιασμός Εκπαιδευτικού Προγράμματος, Σχηματισμός Ομάδων και Ομαδική Εργασία, Επίλυση Προβλημάτων, Ηγεσία (Leadership), Επικοινωνία, Εφαρμογές της Επικοινωνίας, Ισχύς και Εξουσία και Πολιτική, Αντιθέσεις και Συγκρούσεις, Το Κλίμα του Οργανισμού, Οργανωτική Κουλτούρα (Organizational Culture), Μάνατζμεντ Αλλαγών και Οργανωτική Ανάπτυξη, Οργανισμοί Μάθησης (Organizational Learning), Παγκόσμια Οικονομία και Διεθνές Μάνατζμεντ, Αναδιοργάνωση Επιχειρήσεων (Business Process Re-engineering BPR), Πειθαρχικές Ποινές, Θεωρία του Χάους, Επιλεγμένη Βιβλιογραφία.
700 1 _aΖαβλανός Μύρων Μ
_91038
942 _cBK
999 _c848
_d848